Statistics for Airplanes B.o.B Feat. Hayley Williams - All Lyrics

Click here to take the quiz!

General Stats

  • This quiz has been taken 64 times
  • The average score is 412 of 523

Answer Stats

Answer% Correct
(A
100%
a
100%
airplane,
100%
airplanes
100%
can
100%
Can
100%
I,
100%
I
100%
like,
100%
Like,
100%
like
100%
night
100%
Ray?
100%
(Shooting
100%
shooting
100%
sky
100%
stars)
100%
stars?
100%
stars
100%
the
100%
they're
100%
use
100%
could
98%
could,
98%
in
98%
now)
98%
now,
98%
now
98%
pretend
98%
really
98%
right
98%
that
98%
that,
98%
we
98%
wish
98%
wish,
98%
are
91%
to
89%
(Oh)
87%
oh)
87%
(Oh,
87%
oh,
87%
back
84%
go
82%
all
78%
and
78%
And
78%
You
78%
you
78%
be
73%
or
73%
Then
73%
then
73%
this
71%
So
69%
So,
69%
so
69%
Yeah,
69%
yeah)
69%
(Yeah,
69%
(Yeah)
69%
genie
67%
dream
64%
for
64%
for,
64%
my
64%
when
64%
time
62%
it
60%
make
60%
much
60%
of
60%
place
60%
simpler
60%
than
60%
your
60%
me
58%
on
58%
was
58%
where
58%
days
56%
out
56%
outta
56%
“What
56%
what
56%
at
53%
call
53%
get
53%
had
53%
I'm
53%
I’m
53%
There
53%
way,
53%
after
51%
'Cause
51%
end
51%
politics
51%
politics?
51%
Before
49%
before
49%
crashin'
49%
don't
49%
if
49%
If
49%
I'll
49%
just
49%
never
49%
one
49%
some
49%
take
49%
wishes
49%
but
47%
But
47%
But,
47%
how
47%
rap
47%
that's
47%
by
44%
got
44%
hopin'
44%
hopin',
44%
job,
44%
paid
44%
people
44%
say
44%
would
44%
close
42%
flight
42%
gate
42%
shit?
42%
bank
40%
fade
40%
music
40%
sorry,
40%
stay
40%
story
40%
them
40%
up
40%
up,
40%
blackness
38%
chance?”
38%
comes
38%
game
38%
hand
38%
here
38%
is
38%
late
38%
madness
38%
started
38%
switch
38%
unfolds
38%
fashion
36%
glam
36%
rappin'
36%
smashin'
36%
soon
36%
fold
33%
mattered
33%
maybe,
33%
maybe
33%
partyin'
33%
relevant
33%
starin'
33%
ever
31%
hell
31%
phone
31%
another
29%
Bobby
29%
listen
29%
mixtape
29%
nobody
29%
nowadays,
29%
sayin’
29%
tryna
29%
what's
29%
Somebody
27%
Subway
27%
again,
24%
glitz
24%
lap
24%
plans
24%
stand,
24%
cover
22%
guessin'
22%
slang
22%
tip
22%
tried
22%
unravellin',
20%
ain't
18%
pandemonium
16%
Decatur,
7%

Score Distribution

Percentile by Number Answered

Percent of People with Each Score

Your Score History

You have not taken this quiz